000 00992cam a2200301 i 4500
001 41344
003 Mx-PuUPA
005 20250708141757.0
008 140415s2008 mx gr 000 0 spa d
020 _a9789681685966
_qFCE
020 _a9789681652794
_QUNAM
040 _aMx-PuUPA
_bspa
_cMx-PuUPA
_dMx-PuUPA
_erda
041 0 _aspa
100 1 _aBeuchot, Mauricio,
_d1950-
_eautor
_914180
245 1 0 _aPerfiles esenciales de la hermenéutica /
_cMauricio Beuchot
250 _aPrimera edición
264 1 _aMéxico, D.F. :
_bFondo de Cultura Económica : Universidad Nacional Autónoma de México,
_c©2008
300 _a196 páginas ;
_c17 cm
336 _2rdacontent
_atexto
_btxt
337 _2rdamedia
_asin medio
_bn
338 _2rdacarrier
_avolumen
_bnc
490 0 _aColección Breviarios ;
_v563
650 7 _2armarc
_aFilosofía
650 7 _2armarc
_aHermenéutica
942 _2ddc
_cLI
_h121.686
_iB56
999 _c41344
_d41344